000 00341nam a2200109Ia 4500
008 160909s9999 xx 000 0 und d
100 _aBonds, Calvin.
245 _aBest storytelling practices in education
260 _bPepperdine University
_c2016
650 _aEDUC/SPED
856 _uhttp://pqdtopen.proquest.com/doc/1807413515.html?FMT=ABS
999 _c305089
_d305089